Detalles MARC
| 000 -LIDER |
| fixed length control field |
01505nam a2200301 a 4500 |
| 001 - NÚMERO DE CONTROL |
| Identificador de número de control |
000046836 |
| 003 - IDENTIFICACDOR DE NÚMERO DE CONTROL |
| control field |
DO-SdBNP |
| 005 - DATE AND TIME OF LATEST TRANSACTION |
| control field |
20240722115755.0 |
| 008 - ELEMENTOS DE LONGITUD FIJA |
| fixed length control field |
180402s2015 drv 000 spa d |
| 020 ## - ISBN |
| International Standard Book Number |
9789945423341 |
| 040 ## - FUENTE DE CATALOGACIÓN |
| Agencia que crea de manera original el registro |
DO-SdBNP |
| Idioma de catalogación |
spa |
| Agencia que realiza la transcripción |
BPMSU |
| 082 #4 - NÚMERO DE CLASIFICACIÓN DECIMAL DE DEWEY |
| Classification number |
RD860.08 |
| Item number |
A634u 2015 |
| Edition number |
22 |
| 245 00 - MENCIÓN DE TITULO |
| Título |
Antología I : |
| Subtítulo |
Taller Literario Mariano Lebrón Saviñón/ |
| Enlace |
Ana Muñoz... [et al.]. |
| 260 ## - PUBLICACIÓN, DISTRIBUCIÓN, ETC. (PIE DE IMPRENTA) |
| Lugar de publicación, distribución, etc |
Santo Domingo : |
| Nombre del editor, distribuidor, etc. |
Universidad APEC, |
| Fecha de publicación, distribución, etc |
2015. |
| 300 ## - DESCRIPCIÓN FÍSICA |
| Extensión |
129, [14] p. : |
| Otros detalles físicos |
il. ; |
| Dimensiones |
24 cm. |
| 505 0# - NOTA DE CONTENIDO |
| Texto normalizado de contenido |
Palabras del director de español y excoordinador del taller / Nan Chevalier -- Los antologizados y algunas de sus obras -- El taller en imágenes --Casado, Denisse Grullón Abreu, Eddy Paulino, Enma Pérez, Fabio Jiménez Guillén, Isidro Abreu Hernández, Jean Carlos Paulino Santana, Laura Chevalier, Melissa Andújar, Meredith Mercedes, Princis Espino, Ramiro Rodríguez Segura, Sóstenes Raúl Languasco Méndez, Vanessa Paz, Víctor Dios Morel, Yeimy de Díaz del Rosario, Yoaska Esther<br/><br/> |
| 590 ## - NOTA LOCAL |
| Texto de la nota local |
Inventariado,2024VM |
| 650 4# - ENCABEZAMIENTO DE MATERIA--TEMÁTICO |
| Término temático o nombre geográfico como elemento de entrada |
Literatura dominicana |
| 650 4# - ENCABEZAMIENTO DE MATERIA--TEMÁTICO |
| Término temático o nombre geográfico como elemento de entrada |
Poesía dominicana |
| 650 4# - ENCABEZAMIENTO DE MATERIA--TEMÁTICO |
| Término temático o nombre geográfico como elemento de entrada |
Ensayos dominicanos |
| 650 4# - ENCABEZAMIENTO DE MATERIA--TEMÁTICO |
| Término temático o nombre geográfico como elemento de entrada |
Cuentos dominicanos |
| 650 4# - ENCABEZAMIENTO DE MATERIA--TEMÁTICO |
| Término temático o nombre geográfico como elemento de entrada |
Movimientos literarios |
| Subdivisión geográfica |
República Dominicana |
| 700 1# - ASIENTO SECUNDARIO -- NOMBRE PERSONAL |
| Materiales especificados |
Muñoz, Ana |
| 710 2# - ASIENTO SECUNDARIO -- NOMBRE CORPORATIVO |
| Nombre corporativo o de jurisdicción |
Taller Literario Mariano Lebrón Saviñón |
| 710 2# - ASIENTO SECUNDARIO -- NOMBRE CORPORATIVO |
| Nombre corporativo o de jurisdicción |
Universidad APEC (República Dominicana) |
| 910 ## - VALIDACIÓN |
| Validación |
VMateo V. Control de calidad. BPMSU |
| 942 ## - ADDED ENTRY ELEMENTS (KOHA) |
| Source of classification or shelving scheme |
Dewey Decimal Classification |
| Koha item type |
Libros |